UBT Library

Gia An Atlas Of Planet Management (Record no. 52071)

000 -LEADER
fixed length control field 00306nam a22001337a 4500
008 - FIXED-LENGTH DATA ELEMENTS--GENERAL INFORMATION
fixed length control field 181107b xxu||||| |||| 00| 0 eng d
020 ## - INTERNATIONAL STANDARD BOOK NUMBER
International Standard Book Number 9780385426268
041 ## - LANGUAGE CODE
Language code of text/sound track or separate title eng
080 ## - UNIVERSAL DECIMAL CLASSIFICATION NUMBER
Universal Decimal Classification number 912
100 ## - Rafti
Rafti 44
101 ## - Shkurtesa
Shkurtesa GEO
245 ## - TITLE STATEMENT
Title Gia An Atlas Of Planet Management
Statement of responsibility, etc Norman.M
942 ## - ADDED ENTRY ELEMENTS (KOHA)
Source of classification or shelving scheme
Item type Books
Holdings
Withdrawn status Lost status Source of classification or shelving scheme Damaged status Not for loan Collection code Permanent location Current location Shelving location Date acquired Total Checkouts Full call number Barcode Date last seen Price effective from Koha item type
          Koleksioni i përgjithshem UBT - Lipjan UBT - Lipjan Koleksioni i përgjithshem 11/07/2018   912 NOR 002-3018523 11/07/2018 11/07/2018 Books
UBT Library © 2015-2024. All rights reserved University Education for Business and Technology